000 00591nam a22001937a 4500
008 151002b xxu||||| |||| 00| 0 eng d
020 _a0618066454
041 0 _aeng
080 _a512.5
100 _aLarson, Ron,
245 1 0 _aCollege algebra /
_cRon Larson, Robert P. Hostetler ; with the assistance of David C. Falvo.
250 _a5th ed., instructor's annotated ed.
260 _aBoston :
_bHoughton Mifflin,
_c2001.
300 _a1 v. (various pagings) :
_bme il.;
_c26 cm.
650 0 _aAlgjebra
700 1 _aHostetler, Robert P.
700 1 _aFalvo, David C.
942 _2udc
_cBK
999 _c1210
_d1210